Statistics for Name the MVPs but the answers get harder

Click here to take the quiz!

General Stats

  • This quiz has been taken 29 times
  • The average score is 13 of 15

Answer Stats

HintAnswer% Correct
KobeBryant
100%
WiltChamberlain
100%
StephenCurry
100%
LebronJames
100%
MichealJordan
100%
LarryBird
96%
KevinDurant
96%
KarlMalone
96%
AllenIverson
93%
DerrickRose
85%
BillRussell
81%
WesUnseld
81%
WillisReed
78%
BillWalton
59%
DaveCowens
48%

Score Distribution

Percentile by Number Answered

Percent of People with Each Score

Your Score History

You have not taken this quiz